| 000 | 01675cam a2200325 i 4500 | ||
|---|---|---|---|
| 001 | xx003152383 | ||
| 003 | NUKAT | ||
| 005 | 20260218102454.0 | ||
| 008 | 140730s2006 pl a |010 0dpol c | ||
| 020 |
_a8387078972 _q(oprawa twarda) |
||
| 035 | _a(OCoLC)890395956 | ||
| 035 | _a(NUKAT)xx003152383 | ||
| 040 |
_aWR O/JG _bpol _erda _cWR O/JG _dWR O/LC _dWR O/JGs _dOLSZT 008/bak |
||
| 100 | 1 |
_aGórny, Jan Jerzy _d(1943- ). _eAutor _918966 |
|
| 245 | 1 | 0 |
_aMiłujmy czynem i prawdą : _bz okazji jubileuszu 50-lecia kapłaństwa Jego Ekscelencji ks. dr Edmunda Piszcza, Arcybiskupa Metropolity Warmińskiego / _cJan-Jerzy Górny ; opracowanie graficzne Rafał Stanisławski ; serwis fotograficzny Wojciech Sękowski [i 3 pozostałych]. |
| 260 |
_aOlsztyn : _bWydział Duszpasterski Kurii Metropolitalnej Archidiecerzji Warmińskiej, _c2006. |
||
| 300 |
_a160 stron : _bilustracje ; _c34 cm. |
||
| 336 |
_aTekst _btxt _2rdacontent |
||
| 337 |
_aBez urządzenia pośredniczącego _bn _2rdamedia |
||
| 338 |
_aWolumin _bnc _2rdacarrier |
||
| 500 | _aInformacja o autorach zdjęć na stronie redakcyjnej. | ||
| 500 | _aNa stronie redakcyjnej błędna nazwa wydawcy: Wydział Duszpasterski Kurii Metropolitarnej. | ||
| 504 | _aBibliografia na stronach 157-159. | ||
| 600 | 1 | 7 |
_aPiszcz, Edmund _d(1929-2022) _vwydawnictwa ilustrowane. _2kaba _936774 |
| 700 | 1 |
_aStanisławski, Rafał _c(ilustrator). _eIlustracje _936772 |
|
| 700 | 1 |
_aSękowski, Wojciech. _eFotografie _936773 |
|
| 710 | 2 |
_aEcclesia Catholica. _bKuria Metropolitalna Archidiecezji Warmińskiej (Olsztyn). _bWydział Duszpasterski. _eWydawca _4pbl _923063 |
|
| 920 | _a83-87078-97-2 (oprawa twarda) | ||
| 942 |
_2ddc _cBK_NM |
||
| 999 |
_c26661 _d26661 |
||